| 000 | 01080cam a2200301 4500 | ||
|---|---|---|---|
| 001 | 727 | ||
| 005 | 20181127161924.0 | ||
| 008 | 050728s2006 nyuab b 000 1 eng | ||
| 010 | _a 2005052325 | ||
| 020 | _a0393926362 (pbk.) | ||
| 043 | _af------ | ||
| 100 | 1 |
_aConrad, Joseph, _d1857-1924. |
|
| 245 | 1 | 0 |
_aHeart of darkness : _bauthoritative text, backgrounds and contexts, criticism / _cJoseph Conrad ; edited by Paul B. Armstrong. |
| 250 | _a4th ed. | ||
| 260 |
_aNew York : _bW.W. Norton & Co., _cc2006. |
||
| 300 |
_axix, 514 p. : _bill., 1 map ; _c22 cm. |
||
| 440 | 2 | _aA Norton critical edition | |
| 500 | _aElectronic copy available on RTC Cloud in "Library" folder | ||
| 504 | _aIncludes bibliographical references (p. 511-514). | ||
| 600 | 1 | 0 |
_aConrad, Joseph, _d1857-1924. _tHeart of darkness. |
| 650 | 0 |
_aDegeneration _vFiction. |
|
| 650 | 0 |
_aEuropeans _zAfrica _vFiction. |
|
| 650 | 0 |
_aImperialism _vFiction. |
|
| 650 | 0 |
_aTrading posts _vFiction. |
|
| 651 | 0 |
_aAfrica _vFiction. |
|
| 655 | 7 |
_aPsychological fiction. _2lcsh |
|
| 700 | 1 |
_aArmstrong, Paul B., _d1949- |
|
| 999 |
_c528 _d528 |
||